| 000 | 00000nas 2200000za 4500 |
| 001 | 9.813644 |
| 003 | CaOODSP |
| 005 | 20221107141605 |
| 007 | cr ||||||||||| |
| 008 | 160323d19881992oncar p oss f000#a0eng|d |
| 022 | |y0840-9188 |
| 040 | |aCaOODSP|beng |
| 041 | |aeng|afre |
| 043 | |an-cn--- |
| 086 | 1 |aCS91-204-PDF |
| 245 | 00|aPostcensal estimates of families, Canada, provinces and territories |h[electronic resource] / |cStatistics Canada, Demography Division, Population Estimates Section = Estimations postcensitaires des familles, Canada, provinces et territoires / Statistique Canada, Division de la démographie, Section des estimations démographiques. |
| 246 | 11|aEstimations postcensitaires des familles, Canada, provinces et territoires |
| 260 | |aOttawa : |bStatistics Canada, |c1989-1992. |
| 310 | |aAnnual |
| 362 | 0 |aJune 1, 1987/1988-June 1, 1992. |
| 500 | |aDigitized edition from print [produced by Statistics Canada]. |
| 546 | |aText in English and French. |
| 550 | |aIssued 1987/88-1990 by Population Estimates Section; 1991-1992 by Statistics Canada. |
| 580 | |aMerged with: Postcensal annual estimates of population by marital status, age, sex and components of growth for Canada, provinces and territories, June 1, ... ; Postcensal annual estimates of population for census divisions and census metropolitan areas June 1, ..., (regression method) ; and, Postcensal annual estimates of population for census divisions and census metropolitan areas, June 1, ..., (component method) ; to become: Annual demographic statistics. |
| 692 | 07|2gccst|aPopulation |
| 692 | 07|2gccst|aFamily |
| 692 | 07|2gccst|aDemographic statistics |
| 710 | 1 |aCanada. |bStatistics Canada. |bPopulation Estimates Section. |
| 780 | 00|tEstimates of families for Canada and the provinces |w(CaOODSP)9.813641 |
| 792 | |tPostcensal estimates of families, Canada, provinces and territories |efre|w(CaOODSP)9.813645 |